Polskie miasta graniczne - Statystyki

Ogólne statystyki
  • Ten quiz został rozwiązany 31 razy
    9 od ostatniego zresetowania
  • Średni wynik to 7 z 18
Statystyki odpowiedzi
Liczba
Mieszkańców
Miasto % Poprawnych
32 947 Cieszyn
89%
38 728 Świnoujście
89%
16 614 Gubin
78%
16 644 Słubice
67%
25 100 Zakopane
67%
29 313 Zgorzelec
67%
16 245 Bogatynia
56%
90 283 Jastrzębie-Zdrój
56%
13 184 Gołdap
33%
74 636 Jelenia Góra
33%
17 536 Kostrzyn nad Odrą
33%
12 621 Głuchołazy
22%
5 487 Pieńsk
22%
4 433 Muszyna
11%
18 974 Prudnik
11%
5 716 Szklarska Poręba
11%
5 385 Piwniczna- Zdrój
0%
3 807 Zawidów
0%
Nie znaleziono quizów pasujących do podanych kryteriów
Rozkład punktacji
Procent ludzi z każdym wynikiem
Percentyl według liczby udzielonych odpowiedzi
Twoja historia wyników
Nie rozwiązałeś tego quizu od ostatniego zresetowania